000 00544nam a2200181Ia 4500
005 20250508162354.0
008 008 250505s9999 xx 000 0 eng d
037 _aTextual
040 _aFEDL
_beng
_cFEDL
041 _aeng
_2eng
084 _a371.97, BHA
_qFEDL
100 _aBharadwaj A N
_9773006
245 0 _aProblems of scheduled castes and scheduled tribes in India
260 _aNew Delhi, India
_bLight and Life Publishers
_c1979
300 _axxx,117p
942 _cTEXL
_h371.97, BHA
999 _c1376139
_d1376139